[Event "East European zonal 3 (w)"]
[Site "Brno CSR"]
[Date "1989.??.??"]
[Round "7"]
[White "Skacelova, Libuse"]
[Black "Ghinda, Eugenia"]
[Result "1-0"]
[WhiteElo "2160"]
[BlackElo "2200"]
[EventDate "1989.09.23"]
[PlyCount "125"]

1.e4 e5 2.Nf3 Nf6 3.Nc3 Bb4 4.Nxe5 Qe7 5.Nd3 Bxc3 6.dxc3 Qxe4+ 7.Qe2 O-O 
8.Qxe4 Nxe4 9.Be3 d6 10.Be2 Nc6 11.O-O-O h6 12.h4 Re8 13.Bf3 a5 14.g4 a4 
15.a3 Nf6 16.Rdg1 Nd7 17.g5 hxg5 18.Rxg5 Nde5 19.Be2 Ra5 20.Rg3 Nxd3+ 21.
cxd3 Bf5 22.h5 Re6 23.d4 Ne7 24.Rhg1 g6 25.hxg6 Rxg6 26.Bg5 Kf8 27.Bh5 Re6
28.Bf3 Bg6 29.Bxb7 Re2 30.Bxe7+ Rxe7 31.Re3 Rf5 32.Rxe7 Kxe7 33.Re1+ Kd7 
34.Re2 Rh5 35.Bf3 Rg5 36.Re1 c5 37.Bd1 cxd4 38.Bxa4+ Kc7 39.cxd4 Rg4 40.
Rd1 Rg2 41.Rd2 Rg1+ 42.Bd1 Rf1 43.f3 Kc6 44.d5+ Kb6 45.b4 Bh5 46.Rd3 Kb5 
47.Kb2 Bg6 48.Be2 Re1 49.Re3+ Kb6 50.Kc3 Ra1 51.Kd4 Ra2 52.Bd3 Bh5 53.Be4 
Kb5 54.Rc3 Ka4 55.Bc2+ Kb5 56.Ke3 Ra1 57.Kf4 Kb6 58.Kg5 Rh1 59.Kf6 Rc1 60.
Rc6+ Kb7 61.Be4 Ra1 62.Rc3 Rd1 63.Ke7 1-0

[Event "East European zonal 3 (w)"]
[Site "Brno CSR"]
[Date "1989.??.??"]
[Round "7"]
[White "Veroci-Petronic, Zsuzsa"]
[Black "Detko, Joanna"]
[Result "1/2-1/2"]
[WhiteElo "2340"]
[BlackElo "2175"]
[EventDate "1989.09.23"]
[PlyCount "51"]

1.e4 e5 2.Nf3 Nc6 3.Bb5 a6 4.Ba4 Nf6 5.Nc3 Bc5 6.O-O d6 7.d4 exd4 8.Nxd4 
Bd7 9.Bxc6 bxc6 10.Bg5 Bxd4 11.Qxd4 c5 12.Qd3 Rb8 13.Nd5 Bc6 14.Bxf6 gxf6 
15.Qc3 Bxd5 16.exd5 Rg8 17.Rae1+ Kf8 18.Re3 Rg6 19.f4 Rb4 20.Ref3 Rd4 21.
Rd3 Re4 22.Re3 Rd4 23.Rh3 Kg7 24.Qf3 Rd2 25.Rf2 Qe8 26.Rg3 1/2-1/2

[Event "East European zonal 3 (w)"]
[Site "Brno CSR"]
[Date "1989.??.??"]
[Round "7"]
[White "Voiska, Margarita"]
[Black "Sziva, Erika"]
[Result "1-0"]
[WhiteElo "2335"]
[BlackElo "2250"]
[EventDate "1989.09.23"]
[PlyCount "73"]

1.d4 Nf6 2.Nf3 g6 3.g3 Bg7 4.Bg2 d6 5.O-O O-O 6.c4 c5 7.Nc3 Nc6 8.d5 Na5 
9.Nd2 e5 10.Qc2 Ng4 11.h3 Nh6 12.e4 f5 13.exf5 gxf5 14.f4 exf4 15.gxf4 Qe7
16.Qd3 Bd7 17.Nf3 a6 18.Bd2 b6 19.Rae1 Qf6 20.Nd1 Rae8 21.Bc3 Qg6 22.Ng5 
Nf7 23.Bxg7 Kxg7 24.Qc3+ Kg8 25.Ne6 Bxe6 26.dxe6 Rxe6 27.Rxe6 Qxe6 28.Bd5 
Qh6 29.Kh1 Re8 30.Rg1+ Kf8 31.Qg3 Qh5 32.Qg8+ Ke7 33.Re1+ Ne5 34.Qg3 Kf6 
35.fxe5+ dxe5 36.Nf2 Qg5 37.Ne4+ 1-0

[Event "East European zonal 3 (w)"]
[Site "Brno CSR"]
[Date "1989.??.??"]
[Round "7"]
[White "Wagner-Michel, Annett"]
[Black "Kisova, Petra"]
[Result "1/2-1/2"]
[WhiteElo "2190"]
[BlackElo "2105"]
[EventDate "1989.09.23"]
[PlyCount "28"]

1.e4 c5 2.Nf3 Nc6 3.Bb5 g6 4.O-O Bg7 5.Re1 e5 6.c3 Nge7 7.Na3 O-O 8.d3 d6 
9.Bg5 h6 10.Bxe7 Qxe7 11.Nc2 a6 12.Bc4 Be6 13.Bd5 Qc7 14.Ne3 Rab8 1/2-1/2

[Event "East European zonal 3 (w)"]
[Site "Brno CSR"]
[Date "1989.??.??"]
[Round "8"]
[White "Detko, Joanna"]
[Black "Madl, Ildiko"]
[Result "0-1"]
[WhiteElo "2175"]
[BlackElo "2310"]
[EventDate "1989.09.23"]
[PlyCount "58"]

1.e4 c5 2.Nf3 d6 3.d4 cxd4 4.Qxd4 Nc6 5.Bb5 Bd7 6.Bxc6 Bxc6 7.Nc3 Nf6 8.
Bg5 e6 9.O-O-O Be7 10.Rhe1 O-O 11.Kb1 Qc7 12.Qd2 Rfc8 13.Nd4 b5 14.f3 b4 
15.Nce2 a5 16.g4 a4 17.Rg1 b3 18.Ng3 bxc2+ 19.Qxc2 Qb7 20.Qd2 Rab8 21.Rg2 
Bxe4+ 22.Ka1 Rc2 23.Qxc2 Bxc2 24.Rxc2 Nd5 25.Bxe7 Ne3 26.Rcd2 Nxd1 27.Bxd6
Rd8 28.Ne4 Ne3 29.b3 a3 0-1

[Event "East European zonal 3 (w)"]
[Site "Brno CSR"]
[Date "1989.??.??"]
[Round "8"]
[White "Forgo, Eva"]
[Black "Veroci-Petronic, Zsuzsa"]
[Result "0-1"]
[WhiteElo "2165"]
[BlackElo "2340"]
[EventDate "1989.09.23"]
[PlyCount "78"]

1.e4 c5 2.Nf3 e6 3.d4 cxd4 4.Nxd4 a6 5.Bd3 Nf6 6.O-O Qc7 7.Qe2 d6 8.c4 g6 
9.Nc3 Bg7 10.Be3 O-O 11.Rac1 Nbd7 12.f4 b6 13.Kh1 Bb7 14.Bg1 Rac8 15.Nf3 
Nh5 16.Be3 Nc5 17.Nd2 Nf6 18.Bb1 Qb8 19.Bf2 Nh5 20.Bh4 Rfe8 21.Qf2 f5 22.
b4 Nd7 23.Ne2 Ndf6 24.exf5 exf5 25.h3 Qa8 26.Kh2 Bxg2 27.Rfe1 Be4 28.Qxb6 
Rb8 29.Qf2 Rxb4 30.Nc3 Bxb1 31.Rxb1 Rxb1 32.Rxe8+ Qxe8 33.Ncxb1 Ne4 34.
Nxe4 Qxe4 35.Nd2 Qd3 36.Qe1 h6 37.Nf1 Nxf4 38.Bg3 Be5 39.c5 Qc2+ 0-1

[Event "East European zonal 3 (w)"]
[Site "Brno CSR"]
[Date "1989.??.??"]
[Round "8"]
[White "Ghinda, Eugenia"]
[Black "Klusek, Danuta"]
[Result "1/2-1/2"]
[WhiteElo "2200"]
[BlackElo "2190"]
[EventDate "1989.09.23"]
[PlyCount "113"]

1.Nf3 Nf6 2.d4 c5 3.e3 e6 4.Bd3 d5 5.c3 b6 6.Ne5 Nbd7 7.O-O Bb7 8.f4 Bd6 
9.Rf3 Ne4 10.Bb5 Bxe5 11.fxe5 O-O 12.Bd2 f6 13.exf6 Ndxf6 14.Be1 Qd6 15.
Nd2 Nxd2 16.Qxd2 Ne4 17.Rxf8+ Rxf8 18.Qe2 e5 19.Qh5 exd4 20.exd4 Qf4 21.
Qe2 Kh8 22.Bd3 cxd4 23.cxd4 h6 24.Rd1 Rc8 25.Bxe4 dxe4 26.Bg3 Qg5 27.Be5 
Bd5 28.b3 Rc6 29.Rf1 Rc1 30.Bf4 Rxf1+ 31.Qxf1 Qf6 32.Qf2 Kh7 33.Qe3 Qf5 
34.h3 a6 35.Kh2 b5 36.g4 Qc8 37.Qf2 Qc6 38.Be5 Qg6 39.Qf4 e3 40.Qf5 Qxf5 
41.gxf5 e2 42.Bg3 Be4 43.Kg1 Bxf5 44.h4 g5 45.hxg5 hxg5 46.Kf2 Bg4 47.a4 
Kg6 48.axb5 axb5 49.Ke3 Kf5 50.d5 e1=Q+ 51.Bxe1 Ke5 52.Bd2 Bd1 53.d6 Kxd6 
54.Ke4 g4 55.Kf4 Kc5 56.b4+ Kc4 57.Be1 1/2-1/2

[Event "East European zonal 3 (w)"]
[Site "Brno CSR"]
[Date "1989.??.??"]
[Round "8"]
[White "Muresan, Margareta"]
[Black "Voiska, Margarita"]
[Result "0-1"]
[WhiteElo "2215"]
[BlackElo "2335"]
[EventDate "1989.09.23"]
[PlyCount "100"]

1.Nf3 Nf6 2.c4 g6 3.Nc3 Bg7 4.e4 d6 5.d4 O-O 6.Be2 e5 7.O-O Nc6 8.Be3 Ng4 
9.Bg5 f6 10.Bh4 g5 11.Bg3 Nh6 12.dxe5 dxe5 13.c5 Be6 14.Qa4 Nf7 15.Rfd1 
Qc8 16.Bb5 Bg4 17.Nd5 Nfd8 18.Rd2 Kh8 19.Ne3 Bxf3 20.gxf3 h5 21.Nf5 a6 22.
Bxc6 Nxc6 23.h4 Qe6 24.Qb3 Qxb3 25.axb3 Rad8 26.Rad1 Rxd2 27.Rxd2 gxh4 28.
Bxh4 Rd8 29.Rd5 Kg8 30.Kf1 Kf7 31.Ke2 Bf8 32.Rxd8 Nxd8 33.b4 Nc6 34.Kd3 
Nxb4+ 35.Kc4 Nc6 36.b4 b5+ 37.Kc3 a5 38.bxa5 Bxc5 39.a6 Nb8 40.Bg3 Nxa6 
41.Nh4 Bd4+ 42.Kc2 c5 43.Ng2 c4 44.f4 b4 45.fxe5 b3+ 46.Kb1 fxe5 47.f4 c3 
48.fxe5 c2+ 49.Kc1 Nb4 50.e6+ Ke8 0-1

[Event "East European zonal 3 (w)"]
[Site "Brno CSR"]
[Date "1989.??.??"]
[Round "8"]
[White "Prochazkova, Dana"]
[Black "Kaczorowska, Barbara"]
[Result "1/2-1/2"]
[WhiteElo "2025"]
[BlackElo "2225"]
[EventDate "1989.09.23"]
[PlyCount "67"]

1.d4 d5 2.c4 c6 3.cxd5 cxd5 4.Nc3 Nc6 5.Nf3 Nf6 6.Bf4 Bf5 7.e3 a6 8.Be2 e6
9.Ne5 Be7 10.O-O O-O 11.Nxc6 bxc6 12.Bd3 Bxd3 13.Qxd3 c5 14.dxc5 Bxc5 15.
h3 Qe7 16.Rac1 Rfd8 17.Na4 Bd6 18.Bxd6 Qxd6 19.Rc2 Rdc8 20.Rfc1 Rxc2 21.
Qxc2 h6 22.Qc6 Rd8 23.Qxd6 Rxd6 24.Rc8+ Kh7 25.Nc5 d4 26.exd4 Rxd4 27.Nxa6
Ra4 28.Nc5 Rxa2 29.Nd3 Nd5 30.Kf1 e5 31.Nxe5 Rxb2 32.Nxf7 Nf4 33.Kg1 Nd3 
34.Rd8 1/2-1/2

[Event "East European zonal 3 (w)"]
[Site "Brno CSR"]
[Date "1989.??.??"]
[Round "8"]
[White "Savova, Stefka"]
[Black "Wagner-Michel, Annett"]
[Result "0-1"]
[WhiteElo "2240"]
[BlackElo "2190"]
[EventDate "1989.09.23"]
[PlyCount "128"]

1.e4 e5 2.Nf3 Nf6 3.Nc3 Bb4 4.Nd5 Nxd5 5.exd5 Bc5 6.Nxe5 Bxf2+ 7.Kxf2 Qh4+
8.g3 Qd4+ 9.Kg2 Qxe5 10.Qf3 O-O 11.d4 Qxd4 12.c3 Qe5 13.Bf4 Qe7 14.d6 Qf6 
15.Bc4 Nc6 16.Rhf1 cxd6 17.Rae1 b5 18.Bd5 Bb7 19.Qd3 Kh8 20.Qxb5 Rab8 21.
Qd3 Ba8 22.Bc1 Ne5 23.Qd4 Bxd5+ 24.Qxd5 Qe6 25.Rd1 Rb6 26.Rf4 Rc8 27.Rfd4 
Nc4 28.Qxe6 fxe6 29.b3 Ne5 30.c4 Nf7 31.Rf4 Ne5 32.Rfd4 Nf7 33.Rf4 Kg8 34.
Rdf1 Ne5 35.Be3 Ra6 36.a4 h6 37.Bd4 Rb8 38.Bxe5 dxe5 39.Rf7 Rd6 40.R7f3 e4
41.Re3 Rd3 42.Rxe4 Rbxb3 43.c5 Rbc3 44.Re5 Rd2+ 45.Kh3 Rcc2 46.Kg4 Rxh2 
47.Rd1 Rhd2 48.Rxd2 Rxd2 49.c6 Rd4+ 50.Kf3 Kf7 51.Ra5 dxc6 52.Rxa7+ Kf6 
53.a5 Rd3+ 54.Kf2 Ra3 55.a6 c5 56.Ra8 Ke5 57.a7 c4 58.Ke2 Ke4 59.Kd2 e5 
60.g4 c3+ 61.Kc2 Ke3 62.Kc1 e4 63.Kc2 Ke2 64.Kc1 e3 0-1

[Event "East European zonal 3 (w)"]
[Site "Brno CSR"]
[Date "1989.??.??"]
[Round "8"]
[White "Stanciu, Gabriela"]
[Black "Kisova, Petra"]
[Result "0-1"]
[WhiteElo "2215"]
[BlackElo "2105"]
[EventDate "1989.09.23"]
[PlyCount "120"]

1.Nf3 d5 2.c4 dxc4 3.e3 Be6 4.Nc3 Nc6 5.Ng5 Bf5 6.Bxc4 Ne5 7.d4 Nxc4 8.
Qa4+ c6 9.Qxc4 e6 10.e4 Bg6 11.O-O Be7 12.Nf3 Nf6 13.Re1 O-O 14.Bf4 Qb6 
15.Ne5 Rfd8 16.Nxg6 hxg6 17.Red1 Rac8 18.Rd2 Qb4 19.Qxb4 Bxb4 20.f3 c5 21.
dxc5 Bxc5+ 22.Kf1 Rxd2 23.Bxd2 Kf8 24.Ke2 Ke8 25.Rc1 Be7 26.Bg5 a6 27.h4 
Nd7 28.Bxe7 Kxe7 29.Nd5+ Kd8 30.Rxc8+ Kxc8 31.Ne3 Kc7 32.Kd3 Kc6 33.Kc4 
b5+ 34.Kc3 a5 35.b4 a4 36.Nc2 e5 37.Ne3 Nb6 38.Kd3 Kd6 39.g4 Ke6 40.Kc3 
Kd6 41.h5 Ke6 42.hxg6 fxg6 43.g5 Kd6 44.Kd2 Nd7 45.Ng2 Nf8 46.Nh4 Ne6 47.
Nxg6 Nxg5 48.Nh4 Ne6 49.Nf5+ Kd7 50.Kd3 g6 51.Nh4 Nf4+ 52.Ke3 a3 53.Kf2 g5
54.Ng2 Nd3+ 55.Ke2 Nxb4 56.Kd2 Nxa2 57.Kc2 b4 58.Ne1 Kc6 59.Kb3 Nc1+ 60.
Kxb4 Nd3+ 0-1

[Event "East European zonal 3 (w)"]
[Site "Brno CSR"]
[Date "1989.??.??"]
[Round "8"]
[White "Sziva, Erika"]
[Black "Genova, Ruzhka"]
[Result "1/2-1/2"]
[WhiteElo "2250"]
[BlackElo "2210"]
[EventDate "1989.09.23"]
[PlyCount "127"]

1.e4 c5 2.Nf3 d6 3.d4 cxd4 4.Nxd4 Nf6 5.Nc3 e6 6.g4 Nc6 7.g5 Nd7 8.Be3 Be7
9.h4 a6 10.Qd2 Qc7 11.O-O-O Na5 12.Nf5 exf5 13.Nd5 Qd8 14.Nxe7 Qxe7 15.
Qxa5 fxe4 16.h5 O-O 17.g6 Nf6 18.gxh7+ Kxh7 19.h6 g6 20.Bg5 Qe6 21.Bh3 Ng4
22.Rd5 f6 23.Bf4 b6 24.Qd2 e3 25.fxe3 Bb7 26.Bg2 Rac8 27.Rd3 Qxa2 28.Ra3 
Qf7 29.Bxb7 Qxb7 30.Rg1 Ne5 31.Qxd6 Nc4 32.Qd3 Qf7 33.Rc3 Rfd8 34.Qe4 b5 
35.Rd3 Rxd3 36.Qxd3 Re8 37.Rd1 Ne5 38.Qa3 Re6 39.Rd6 Nc4 40.Rxe6 Nxa3 41.
Rc6 Nc4 42.Rc7 Qxc7 43.Bxc7 Nxe3 44.b3 g5 45.Bd8 Kxh6 46.Bxf6 Kg6 47.Bd4 
Nf5 48.Bg1 Kf6 49.Kd2 Ke5 50.Kd3 g4 51.c4 g3 52.Ba7 bxc4+ 53.Kxc4 Kd6 54.
Kb4 Kc6 55.Ka5 Kb7 56.Bg1 Nd6 57.Bc5 g2 58.Bg1 Ne4 59.Ka4 Nd2 60.Bf2 Ne4 
61.Bg1 Nc3+ 62.Ka5 Nd5 63.Bd4 Nc7 64.Bg1 1/2-1/2

[Event "East European zonal 3 (w)"]
[Site "Brno CSR"]
[Date "1989.??.??"]
[Round "8"]
[White "Velvart, Peterne"]
[Black "Skacelova, Libuse"]
[Result "1-0"]
[WhiteElo "2220"]
[BlackElo "2160"]
[EventDate "1989.09.23"]
[PlyCount "81"]

1.d4 Nf6 2.c4 g6 3.Nc3 Bg7 4.e4 d6 5.f4 O-O 6.Nf3 Na6 7.Bd3 Bg4 8.O-O e5 
9.fxe5 Nd7 10.Qe1 dxe5 11.d5 Ndc5 12.Be2 Nb4 13.Qd1 a5 14.Be3 Nba6 15.h3 
Bxf3 16.Bxf3 c6 17.Qd2 Qd6 18.Rac1 Rfd8 19.Rfd1 Qe7 20.Kh2 Ne6 21.Bb6 Rd6 
22.Qe3 Nd4 23.Bxa5 Qh4 24.Qe1 Qf4+ 25.Qg3 Bh6 26.Rb1 Qe3 27.Kh1 Bf4 28.Qe1
Nxf3 29.Qxe3 Bxe3 30.gxf3 b6 31.dxc6 Rxc6 32.Nd5 Kf8 33.Bc3 Bf4 34.b3 Nc5 
35.a4 g5 36.Bb4 Kg7 37.Nxb6 Na6 38.Nd5 Rh6 39.Kg2 Nxb4 40.Nxb4 Rb8 41.Nd5 
1-0

[Event "East European zonal 3 (w)"]
[Site "Brno CSR"]
[Date "1989.??.??"]
[Round "9"]
[White "Genova, Ruzhka"]
[Black "Muresan, Margareta"]
[Result "0-1"]
[WhiteElo "2210"]
[BlackElo "2215"]
[EventDate "1989.09.23"]
[PlyCount "80"]

1.d4 d5 2.c4 c6 3.e3 Nf6 4.Nc3 g6 5.Nf3 Bg7 6.Bd2 O-O 7.Rc1 e6 8.Bd3 Nbd7 
9.cxd5 exd5 10.b4 a5 11.bxa5 Qxa5 12.O-O Qa3 13.Ne1 Re8 14.Rb1 Ne4 15.Nxe4
dxe4 16.Bc4 Nf6 17.Nc2 Qa7 18.Nb4 Be6 19.Qb3 Bxc4 20.Qxc4 Rad8 21.Rfc1 Bf8
22.Bc3 Nd5 23.Nxd5 Rxd5 24.Bb4 Bxb4 25.Rxb4 Re7 26.Rcb1 Kg7 27.g3 h5 28.
Qb3 b5 29.a4 bxa4 30.Rxa4 Qd7 31.Qb8 h4 32.Ra8 Rh5 33.Qc8 hxg3 34.hxg3 Qd5
35.Rc1 Qb5 36.Rb8 Qe2 37.Qf8+ Kf6 38.Rxc6+ Kf5 39.Rc5+ Kg4 40.Qc8+ Kf3 0-1

[Event "East European zonal 3 (w)"]
[Site "Brno CSR"]
[Date "1989.??.??"]
[Round "9"]
[White "Kaczorowska, Barbara"]
[Black "Detko, Joanna"]
[Result "0-1"]
[WhiteElo "2225"]
[BlackElo "2175"]
[EventDate "1989.09.23"]
[PlyCount "108"]

1.d4 Nf6 2.c4 g6 3.Nc3 Bg7 4.g3 d6 5.Bg2 O-O 6.Nf3 Nbd7 7.O-O e5 8.e4 a6 
9.Re1 Rb8 10.Nd5 exd4 11.Nxd4 Ne5 12.b3 Bg4 13.f3 Bxf3 14.Nxf3 Nxf3+ 15.
Qxf3 Nxd5 16.Bd2 Bxa1 17.Rxa1 Qf6 18.cxd5 Qxa1+ 19.Bf1 Qd4+ 20.Be3 Qg7 21.
Qd1 Rbe8 22.Bd4 f6 23.Bg2 Re5 24.Bxe5 fxe5 25.Qc1 Qf6 26.Qd2 c5 27.dxc6 
bxc6 28.h4 Qd8 29.Kh2 a5 30.Qc2 Qb6 31.Qc4+ Kg7 32.Qe6 Qc7 33.Kg1 Rd8 34.
Qc4 Ra8 35.Kh2 Ra7 36.Qe6 Qd7 37.Qc4 Qc7 38.Qe6 Rb7 39.Bf1 Qf7 40.Qc8 Qd7 
41.Qa8 Ra7 42.Qb8 Qc7 43.Qe8 Qf7 44.Qb8 Qf2+ 45.Bg2 Qc5 46.g4 Rf7 47.g5 
Qf2 48.Kh3 Qxa2 49.Qxd6 Qxb3+ 50.Kh2 Qc3 51.h5 gxh5 52.Qh6+ Kg8 53.g6 Rg7 
54.gxh7+ Kh8 0-1

[Event "East European zonal 3 (w)"]
[Site "Brno CSR"]
[Date "1989.??.??"]
[Round "9"]
[White "Kisova, Petra"]
[Black "Savova, Stefka"]
[Result "1-0"]
[WhiteElo "2105"]
[BlackElo "2240"]
[EventDate "1989.09.23"]
[PlyCount "77"]

1.e4 c5 2.c3 Nf6 3.e5 Nd5 4.d4 cxd4 5.Nf3 Nc6 6.Bc4 Nb6 7.Bb3 d5 8.exd6 
Qxd6 9.Na3 a6 10.O-O e6 11.cxd4 Be7 12.Be3 O-O 13.Ne5 Nd5 14.Nac4 Qc7 15.
Rc1 Bd7 16.Qf3 Rac8 17.Rfd1 f6 18.Nd3 Be8 19.Nf4 Bf7 20.Qg4 f5 21.Qg3 Qd8 
22.Nxd5 exd5 23.Bh6 Bf6 24.Nd6 Nxd4 25.Kf1 Rxc1 26.Rxc1 Nxb3 27.axb3 Bg6 
28.Bf4 Qd7 29.h4 Bxb2 30.Rc2 Bf6 31.Qf3 Bf7 32.h5 Be7 33.Qg3 Bxh5 34.Kg1 
Rd8 35.Rc7 Qxc7 36.Nxf5 Qc3 37.Nxe7+ Kf7 38.Qxc3 Kxe7 39.Qe5+ 1-0

[Event "East European zonal 3 (w)"]
[Site "Brno CSR"]
[Date "1989.??.??"]
[Round "9"]
[White "Klusek, Danuta"]
[Black "Velvart, Peterne"]
[Result "1-0"]
[WhiteElo "2190"]
[BlackElo "2220"]
[EventDate "1989.09.23"]
[PlyCount "93"]

1.e4 c5 2.Nf3 Nc6 3.d4 cxd4 4.Nxd4 Nf6 5.Nc3 e5 6.Ndb5 d6 7.Bg5 a6 8.Na3 
b5 9.Nd5 Be7 10.Bxf6 Bxf6 11.c3 O-O 12.Nc2 Rb8 13.Be2 Bg5 14.Qd3 f5 15.Bf3
Be6 16.O-O Qd7 17.Rad1 Nd8 18.exf5 Bxf5 19.Be4 g6 20.Nce3 Be6 21.a3 Kh8 
22.Qc2 Qa7 23.Rde1 a5 24.b4 Nc6 25.Qd3 Rfc8 26.Rb1 Ne7 27.Nxe7 Bxe7 28.Nd5
Bf8 29.h3 axb4 30.axb4 Qa2 31.Rfd1 Qc4 32.Qf3 Bxd5 33.Bxd5 Qxc3 34.Qf6+ 
Bg7 35.Qxd6 Rf8 36.Bf3 Bh6 37.Qc5 Qxc5 38.bxc5 b4 39.c6 Rfc8 40.Rd7 Bg5 
41.Rb7 Rf8 42.R1xb4 Rbc8 43.c7 Rf7 44.Rc4 e4 45.Rb8 Rff8 46.Rxc8 Rxc8 47.
Bg4 1-0

[Event "East European zonal 3 (w)"]
[Site "Brno CSR"]
[Date "1989.??.??"]
[Round "9"]
[White "Madl, Ildiko"]
[Black "Forgo, Eva"]
[Result "1-0"]
[WhiteElo "2310"]
[BlackElo "2165"]
[EventDate "1989.09.23"]
[PlyCount "69"]

1.e4 e5 2.Nf3 Nc6 3.Bb5 a6 4.Ba4 Nf6 5.O-O Nxe4 6.d4 b5 7.Bb3 d5 8.dxe5 
Be6 9.c3 Be7 10.Nbd2 Nc5 11.Bc2 Qd7 12.Re1 Bf5 13.Nb3 Bxc2 14.Qxc2 Ne6 15.
Be3 O-O 16.Red1 Rfd8 17.Rd2 Nb8 18.Rad1 c6 19.Nbd4 Qc8 20.Nf5 Bf8 21.b3 
Nd7 22.c4 dxc4 23.bxc4 Qc7 24.cxb5 axb5 25.Bg5 f6 26.exf6 gxf6 27.Bh4 Nec5
28.Rd4 Re8 29.h3 Kh8 30.Nd6 Re6 31.Bg3 Qa7 32.Rh4 Ne5 33.Nxe5 fxe5 34.Qf5 
Bxd6 35.Rxd6 1-0

[Event "East European zonal 3 (w)"]
[Site "Brno CSR"]
[Date "1989.??.??"]
[Round "9"]
[White "Skacelova, Libuse"]
[Black "Sziva, Erika"]
[Result "1/2-1/2"]
[WhiteElo "2160"]
[BlackElo "2250"]
[EventDate "1989.09.23"]
[PlyCount "81"]

1.e4 c5 2.c3 Nf6 3.e5 Nd5 4.d4 cxd4 5.Nf3 e6 6.cxd4 b6 7.Bd3 Bb7 8.a3 Be7 
9.O-O O-O 10.Qe2 d6 11.Qe4 g6 12.Bh6 Re8 13.Nbd2 Nd7 14.Qg4 dxe5 15.dxe5 
a6 16.Ne4 Nc5 17.Nxc5 Bxc5 18.Rad1 Qc7 19.Rc1 Qd7 20.Rfd1 Bf8 21.Qh4 Bg7 
22.Bxg7 Kxg7 23.Ng5 h6 24.Ne4 Rec8 25.Nd6 Rxc1 26.Rxc1 b5 27.Be4 g5 28.Qg3
Nf4 29.Qf3 Bxe4 30.Qxe4 Qa7 31.Rc2 Rd8 32.g3 Nd5 33.h4 Qe7 34.Qxd5 exd5 
35.Nf5+ Kf8 36.Nxe7 Kxe7 37.Rc6 d4 38.Kf1 gxh4 39.gxh4 d3 40.Ke1 Rd5 41.f4
1/2-1/2

[Event "East European zonal 3 (w)"]
[Site "Brno CSR"]
[Date "1989.??.??"]
[Round "9"]
[White "Veroci-Petronic, Zsuzsa"]
[Black "Ghinda, Eugenia"]
[Result "1/2-1/2"]
[WhiteElo "2340"]
[BlackElo "2200"]
[EventDate "1989.09.23"]
[PlyCount "29"]

1.e4 c5 2.Nf3 Nc6 3.Bb5 d6 4.O-O Bd7 5.c3 Nf6 6.Re1 a6 7.Bxc6 Bxc6 8.d4 
Bxe4 9.Bg5 Bd5 10.Nbd2 b5 11.c4 bxc4 12.dxc5 e6 13.Bxf6 gxf6 14.cxd6 Bxd6 
15.Ne4 1/2-1/2

[Event "East European zonal 3 (w)"]
[Site "Brno CSR"]
[Date "1989.??.??"]
[Round "9"]
[White "Voiska, Margarita"]
[Black "Stanciu, Gabriela"]
[Result "1-0"]
[WhiteElo "2335"]
[BlackElo "2215"]
[EventDate "1989.09.23"]
[PlyCount "77"]

1.d4 d5 2.c4 c6 3.Nf3 Nf6 4.Nc3 dxc4 5.a4 Bg4 6.Ne5 Bh5 7.g3 e6 8.Bg2 Bb4 
9.O-O O-O 10.Nxc4 Nd5 11.Qc2 Nb6 12.Nxb6 Qxb6 13.Be3 Qa5 14.Na2 Be7 15.
Rfe1 Na6 16.Bd2 Qb6 17.Bc3 Bg6 18.Qd2 Rfd8 19.e3 Qc7 20.Qe2 e5 21.b4 exd4 
22.exd4 Bf8 23.b5 Nb8 24.Rac1 f6 25.Qb2 Bf7 26.Nb4 a5 27.Nd3 Qb6 28.Nc5 
Bd5 29.Bxd5+ cxd5 30.Re6 Qc7 31.Bd2 Qf7 32.Rce1 Bd6 33.Nd3 Be5 34.Nf4 Bxf4
35.Bxf4 Nd7 36.Re7 Qh5 37.Qe2 Qxe2 38.R1xe2 h6 39.Bc7 1-0

[Event "East European zonal 3 (w)"]
[Site "Brno CSR"]
[Date "1989.??.??"]
[Round "9"]
[White "Wagner-Michel, Annett"]
[Black "Prochazkova, Dana"]
[Result "0-1"]
[WhiteElo "2190"]
[BlackElo "2025"]
[EventDate "1989.09.23"]
[PlyCount "120"]

1.e4 c6 2.c4 d5 3.cxd5 cxd5 4.exd5 Nf6 5.Qa4+ Nbd7 6.Nc3 g6 7.Nf3 Bg7 8.
Qb3 O-O 9.Bc4 Nb6 10.d3 Ne8 11.O-O Nd6 12.Re1 Bf5 13.Bg5 Re8 14.Nb5 a6 15.
Nxd6 Qxd6 16.Bxe7 Rxe7 17.Rxe7 Nxc4 18.Rae1 Nb6 19.Ng5 Rf8 20.Re8 Bd4 21.
Rxf8+ Kxf8 22.Nf3 Bf6 23.d4 Kg7 24.Ne5 Nxd5 25.Qxb7 Be6 26.Nc4 Qb4 27.Qxb4
Nxb4 28.Nd6 Bxd4 29.Re4 Nc6 30.Ne8+ Kf8 31.Nc7 Bxa2 32.Re8+ Kg7 33.Nxa6 
Bc4 34.Rc8 Ne5 35.Nc7 Kf6 36.Rd8 Bxb2 37.f4 Nd3 38.g3 Ke7 39.Re8+ Kd7 40.
Re4 Kxc7 41.Rxc4+ Kd6 42.Kg2 Nc5 43.Rc2 Bd4 44.Kf3 Kd5 45.Re2 Ne6 46.g4 h6
47.h4 Bc3 48.Kg3 Bb4 49.Re5+ Kd4 50.Kf3 Bd6 51.Re4+ Kd5 52.Ra4 Nxf4 53.
Rxf4 Bxf4 54.Kxf4 Ke6 55.Ke4 f6 56.Kd4 f5 57.g5 h5 58.Kd3 Ke5 59.Ke3 f4+ 
60.Kf2 Ke4 0-1

[Event "East European zonal 3 (w)"]
[Site "Brno CSR"]
[Date "1989.??.??"]
[Round "10"]
[White "Detko, Joanna"]
[Black "Wagner-Michel, Annett"]
[Result "0-1"]
[WhiteElo "2175"]
[BlackElo "2190"]
[EventDate "1989.09.23"]
[PlyCount "70"]

1.e4 e5 2.Nf3 Nf6 3.Nc3 Bb4 4.Bb5 O-O 5.d3 c6 6.Ba4 d5 7.Bd2 Bg4 8.O-O 
Bxf3 9.gxf3 Qd6 10.Kh1 Nbd7 11.Rg1 Bxc3 12.bxc3 a5 13.exd5 Nc5 14.Bb3 cxd5
15.Bh6 Nh5 16.Qd2 Ra6 17.Bxg7 Nxg7 18.Qg5 Qf6 19.Bxd5 Rd8 20.c4 Kf8 21.Qe3
Nd7 22.Bxb7 Rb6 23.Rab1 Rxb1 24.Rxb1 Rb8 25.Rb5 Nf5 26.Qa7 Nd6 27.Rb6 Rxb7
28.Qa8+ Ke7 29.c5 Qxf3+ 30.Kg1 Nxc5 31.Qxa5 Rxb6 32.Qxb6 Ne6 33.Qa7+ Kf6 
34.Qb8 Qd1+ 35.Kg2 Nf4+ 0-1

[Event "East European zonal 3 (w)"]
[Site "Brno CSR"]
[Date "1989.??.??"]
[Round "10"]
[White "Forgo, Eva"]
[Black "Kaczorowska, Barbara"]
[Result "1-0"]
[WhiteElo "2165"]
[BlackElo "2225"]
[EventDate "1989.09.23"]
[PlyCount "73"]

1.e4 c5 2.Nf3 e6 3.d4 cxd4 4.Nxd4 Nf6 5.Nc3 d6 6.f4 a6 7.Qf3 Be7 8.Bd3 Qc7
9.g4 Nc6 10.Nb3 b5 11.g5 Nd7 12.Be3 Bb7 13.O-O-O Rc8 14.Kb1 Nb4 15.Rc1 Nc5
16.Bd2 Nxb3 17.cxb3 Qb6 18.Rhd1 O-O 19.Bf1 d5 20.Be3 Bc5 21.Bxc5 Rxc5 22.
a3 dxe4 23.Nxe4 Rxc1+ 24.Rxc1 Qd4 25.Nf6+ gxf6 26.Qxb7 Nd3 27.Bxd3 Qxd3+ 
28.Ka2 f5 29.h4 Qe3 30.Rf1 Qe2 31.Rh1 e5 32.fxe5 a5 33.h5 Qxe5 34.g6 a4 
35.Rg1 axb3+ 36.Ka1 fxg6 37.hxg6 1-0

[Event "East European zonal 3 (w)"]
[Site "Brno CSR"]
[Date "1989.??.??"]
[Round "10"]
[White "Ghinda, Eugenia"]
[Black "Madl, Ildiko"]
[Result "1/2-1/2"]
[WhiteElo "2200"]
[BlackElo "2310"]
[EventDate "1989.09.23"]
[PlyCount "46"]

1.e4 c5 2.Nf3 d6 3.d4 cxd4 4.Nxd4 Nf6 5.Nc3 Nc6 6.Bc4 e6 7.a3 a6 8.Ba2 Be7
9.Be3 O-O 10.f4 Qc7 11.O-O Bd7 12.f5 Nxd4 13.Bxd4 e5 14.Bf2 Bc6 15.Qf3 
Rac8 16.Rad1 b5 17.Bh4 Nxe4 18.Nxe4 Bxh4 19.Bd5 Bxd5 20.Rxd5 Qxc2 21.Rd2 
Qc4 22.Rxd6 Rcd8 23.Rxd8 Rxd8 1/2-1/2

[Event "East European zonal 3 (w)"]
[Site "Brno CSR"]
[Date "1989.??.??"]
[Round "10"]
[White "Muresan, Margareta"]
[Black "Skacelova, Libuse"]
[Result "1-0"]
[WhiteElo "2215"]
[BlackElo "2160"]
[EventDate "1989.09.23"]
[PlyCount "105"]

1.Nf3 Nf6 2.c4 c6 3.Nc3 d5 4.e3 Bg4 5.cxd5 Bxf3 6.Qxf3 cxd5 7.Bb5+ Nc6 8.
O-O e6 9.d3 Bd6 10.e4 O-O 11.Bxc6 bxc6 12.Bg5 Be5 13.Rfd1 c5 14.Rac1 Rc8 
15.Qe2 Qd6 16.Bxf6 Bxf6 17.Na4 Bd4 18.b3 Rc6 19.Re1 e5 20.Nc3 Bxc3 21.Rxc3
f6 22.Rec1 Rfc8 23.f3 a5 24.exd5 Qxd5 25.Qe4 Qd7 26.Qc4+ Kf8 27.Re1 Qd4+ 
28.Kf1 Ke7 29.f4 Kd6 30.Re4 Qxc4 31.fxe5+ fxe5 32.dxc4 Rf8+ 33.Ke2 Rf4 34.
Ke3 Rf1 35.Rd3+ Ke6 36.Rd5 Ra1 37.Rexe5+ Kf6 38.Rf5+ Ke6 39.Rf2 Re1+ 40.
Kf3 Ra1 41.g4 h6 42.h4 Rc7 43.Re2+ Kf6 44.h5 Rf1+ 45.Kg2 Rf4 46.Kg3 Rf1 
47.Re4 Kf7 48.Rf4+ Rxf4 49.Kxf4 Ke6 50.Ke4 Kf6 51.Rd6+ Kg5 52.Rg6+ Kh4 53.
Kd5 1-0

[Event "East European zonal 3 (w)"]
[Site "Brno CSR"]
[Date "1989.??.??"]
[Round "10"]
[White "Prochazkova, Dana"]
[Black "Kisova, Petra"]
[Result "1/2-1/2"]
[WhiteElo "2025"]
[BlackElo "2105"]
[EventDate "1989.09.23"]
[PlyCount "34"]

1.d4 d5 2.c4 e6 3.Nc3 Nf6 4.Bg5 Be7 5.cxd5 exd5 6.e3 c6 7.Bd3 Nbd7 8.Qc2 
Nh5 9.Bxe7 Qxe7 10.Nge2 g6 11.g4 Nhf6 12.h3 Nb6 13.Ng3 Be6 14.Qe2 h5 15.g5
Nfd7 16.h4 O-O-O 17.O-O-O Kb8 1/2-1/2